Quizzes
Events
Quiz Creation
Community
Videos
Private Events
Remove Ads
Sign In
Join for FREE
Feedback
Dark Mode
Quiz Categories
Sports
Geography
Music
Movies
Television
Just For Fun
Miscellaneous
History
Literature
Language
Science
Gaming
Entertainment
Religion
Holiday
For Kids
Quiz Lab
Recent
Popular Today
Quiz Kudos Today
Editor Picks
Curator Picks
Quizzes by...
Day
Popularity
Type
Ratings
Length
Year
Community
Subscriptions
Recent Discussions
Orange Saloon
Badges
Playlists
Quests
Create
Leaderboards
Showdown
Live 5
Trivia Bingo
Activity
Puzzle Library
Sporcle Events
Private Events
Virtual Trivia
Globe League
Become a Host
Pub Owners
SporcleCon
Opinionation
Our Games
Videos
Blog
Mobile Apps
Partnerships
Remove Ads and Go Orange
Feedback
Television
TV Characters
TV Show
Sitcom
Network
Friends
Reality Shows
Cast
South Park
Star Trek
The Simpsons
Doctor Who
Television
TV Characters
TV Show
Sitcom
Network
Friends
Reality Shows
Cast
South Park
Star Trek
The Simpsons
Doctor Who
Random Quiz
Search Sporcle
×
Quiz Lab
Quiz Lab
Television
Friends
Type in answers that appear in a list
Type in answers that appear in a list
Classic
Best Score? Go Orange.
Difficult F.R.I.E.N.D.S Quiz! Stats
Can you name the F.R.I.E.N.D.S answers?
By
rk123xo
10m
45 Questions
2,998 Plays
2,998 Plays
2,998 Plays
Comments
Comments
Give Quiz Kudos
Give Quiz Kudos
-
- Ratings
hide this ad
Forced Order
Answers have to be entered in order
Answers have to be entered in order
Replay
Link that replays current quiz
Next Quiz
Link to next quiz in quiz playlist
You Got
0%
They Got
Avg Score
69%
Avg Friend Score
Upgrade to see
Score Distribution
Jump to the score distribution portion of the page
Score
0/45
Timer
10:00
0
Plays Today
Question
Answer
% Correct
How many times has Ross been married?
3
97.5%
Who is the most sarcastic friend?
Chandler
96.8%
Who teaches Rachel and Phoebe about Unagi?
Ross
96.3%
Where does Chandler say he is moving to so he can avoid Janice?
Yemen
94.9%
Who kisses Chandler's mom?
Ross
93.6%
How many seasons of the show were there?
10
91.9%
Which friend does Gunther like?
Rachel
91.8%
What is the coffee house called that the friends always hang out at?
Central Perk
90.5%
What is Phoebe's twin sister's name?
Ursula
89.9%
What is Chandler's middle name?
Muriel
89.5%
What do they call the naked man that lives in the building across the street from them?
Ugly naked guy
88.4%
Who is Carol's lover?
Susan
87%
What was Monica's nickname when she was a field hockey goalie?
Big fat goalie
85.8%
Who was last to find out about Monica and Chandler's relationship?
Ross
85.8%
What are Ross and Monica's parents names?
Jack and Judy
82.7%
Who does Phoebe say Rachel's lobster is?
Ross
81.5%
Where did Phoebe's scientist boyfriend David move to?
Minsk
81.1%
Who entered a Vanilla Ice look-
alike contest and won?
Chandler
81%
What did they make the giant poking device out of?
Chopsticks
79.8%
What word does Ross keep repeating when trying to get a couch up the stairs?
Pivot
79.1%
Where do Phoebe and Mike get married?
On the street
77.7%
What does Phoebe find in her can of soda she got from a street vender?
A thumb
77.5%
Who accidentally tells Rachel that Ross is in love with her?
Chandler
77%
Question
Answer
% Correct
What is Phoebe's brother named?
Frank Jr.
76.4%
What is Joey's character's name on Days of Our Lives?
Dr. Drake Ramoray
76.4%
What inapropriate song does Emma love?
Baby Got Back
76%
What kind of animal is Hugsy?
A penguin
74.6%
How old was Monica when she learned how to tell time?
13
72.8%
Who broke Rosita?
Rachel
72.5%
What TV show did Joey star in along with a robot?
Mac and C.H.E.E.S.E
71.2%
What is Rachel's actual favorite movie?
Weekend at Bernie's
69.2%
What are the names of Monica and Chandler's adopted twins?
Jack and Erica
66.7%
How much did Ross pay for Joey's big white dog?
$200
62.1%
What did Monica's parents spend her wedding fund on?
A beach house
57.4%
When Phoebe changes her name, what does she change it to?
Princess Consuela Banana Hammock
57.1%
Who is Joey's imaginary friend?
Maurice
50.5%
Which of Joey's sisters punched Chandler?
Cookie
49.8%
What was Ross and Chandler's college band called?
Way! No Way!
40%
What does Rachel claim is her favorite movie?
Dangerous Liaisons
36.9%
What was the name of the girl both Ross and Joey were dating at the same time after they both helped her move in?
Kristen Lang
30.3%
What song can Phoebe not sing without her 'sexy voice'?
Sticky shoes
29.8%
What three things is Ross allergic to?
Lobster, kiwi, and peanuts
27.6%
When Monica and Chandler went to Vegas for their anniversary, what caused them to fight?
Monica had lunch with Richard
23%
Why did Rachel break up with Paolo?
He hit on Phoebe
22.2%
When Monica was sent to her room without dinner, what did she eat instead?
The macaroni off her jewelry box
9.7%
Quiz Playlist
Details
Report
Send in Message
Add To Playlist
Classic:
Type in answers that appear in a list
Forced Order:
Answers have to be entered in order
Last Updated: Feb 16, 2017
Quiz Scoreboard
CHALLENGE
Sign Up to Join the Scoreboard
Show All
Scores
Hide
Comments
May contain spoilers
Recently Published
TV Characters by Other Roles V
by ghcgh
Television
5m
Decade Duel: World Leaders
by jenniferyan
History
4m
Alphabetical 'K' Countries by Flag Minefield
by ylime102
Geography
3m
More to Explore
Quiz From the Vault
Featured Blog Post
15 Basketball Trivia Facts You Can Be March Mad About
hide this ad
You Might Also Like...
Tags
Friends Quiz
Friends Characters
Today's Top Quizzes in Television
Browse Television
hide this ad
Today's Top Quizzes in Friends
Browse Friends
Top Contributed Quizzes in Television
1
Hidden Simpsons Character
2
One Piece Logic Puzzle
3
First Name TV: Leading Men
4
Hidden Simpsons Character XXIV
5
Grey's Anatomy Logic Puzzle
6
First Name TV: Leading Women Drama
7
Hidden Simpsons Character II
8
Hidden Simpsons Character XXVI
9
Hidden Simpsons Character XXV
10
TV Characters by Other Roles VI
Explore More
Trending Topics
Crossword
Kpop
Marvel
Disney
Anime
NBA
Harry Potter
WWE
Song
The Office
Pokémon
Soccer
Puzzle
NFL
Country
hide this ad
More By:
rk123xo
Quiz
Plays
Rating
Category
Featured
Created
Difficult F.R.I.E.N.D.S Quiz!
2,998
3.46
Television
Jan 24, 2011
Mean Girls Quotes!!
1,041
4.33
Movies
Jan 22, 2011
Go to Creator's Profile
Score Distribution
Quiz Creator Spotlight
rk123xo
Follow
Send a Message
Quizzes Created
-
Created Quiz Play Count
-
More By This Creator
Popular Quizzes Today
1
Countries of Asia Without Outlines Minefield
2
Find the US States - No Outlines Minefield
3
Pick 6: Fruits
4
The Countries of the World
5
Find the Countries of Europe - No Outlines Minefield
6
Alphabetical 'K' Countries by Flag Minefield
7
US States
8
Find the US States
More Television Quizzes
Iconic Intros
Editor's Pick
Trending Quizzes
Pick 6: Mountains
Pick 6: Harry Potter
Pick 6: NFL Teams
Pick 6: Flags
C Names for Actors
Recently Updated
Adaptations: Name the Title
pecheneg
NWSL Teams
pecheneg
Women's Final Four Teams by Year
bhenderson79
Presidents Quartet II
eogle
Anything But Clue(do)
eogle
Anything But Oceanian Capitals
eogle
Anything But 7
eogle
Anything But Thing
eogle
Word Ladder: February 29
pecheneg
Song Title Questions
pecheneg
Trending Topics
Disney
Crossword
Anime
Harry Potter
NBA
Marvel
Kpop
Puzzle
Song
WWE
The Office
NFL
Pokémon
Country
Soccer
Your Account Isn't Verified!
In order to create a playlist on Sporcle, you need to verify the email address you used during registration. Go to your
Sporcle Settings
to finish the process.
Report this User
Report this user for behavior that violates our
Community Guidelines
.
Details:
Send Report
Go to the Sporcle.com Mobile Site →
Comments